| 000 | 00735nam a22002177a 4500 | ||
|---|---|---|---|
| 003 | 0 | ||
| 005 | 20250925110254.0 | ||
| 008 | 250925b xxu||||| |||| 00| 0 eng d | ||
| 020 | _a978-1-98469-525-3 | ||
| 050 |
_aQA 76.9.B56 _b.M87 2025 |
||
| 100 |
_aMurphy, Abigail, _eauthor. |
||
| 245 |
_aBlockchain technology and its applications / _cAbigail Murphy. |
||
| 260 |
_aNew York, NY : _b3G E-Learning LLC, _c2025. |
||
| 300 |
_axviii, 255 pages : _bcolored illustrations ; _c26 cm. |
||
| 504 | _aIncludes bibliographical references and index. | ||
| 650 | _aBlockchain (Electronic resource). | ||
| 650 | _aDistributed databases. | ||
| 650 | _aComputer security. | ||
| 650 |
_aInformation technology _xManagement. |
||
| 942 |
_2lcc _cBK |
||
| 999 |
_c368100 _d368100 |
||